|
|
|
|
| LEADER |
00000cam a2200000 7i4500 |
| 001 |
0000003812 |
| 005 |
20110707.0 |
| 020 |
0 |
0 |
|a 0792316436
|
| 090 |
0 |
0 |
|a 634.9
|b MATT 1992
|
| 245 |
1 |
0 |
|a The ecology and silviculture of mixed-species forests
|c editor: Matthew J. Kelty, Bruce C. Larson & Chadwick D. Oliver
|
| 260 |
0 |
0 |
|a Netherlands :
|b Kluwer Academic Publishers ,
|c 1992
|
| 300 |
|
|
|a xiii, 287 p. :
|b ill. ;
|c 24 cm.
|
| 490 |
0 |
0 |
|a Forestry science (v. 40)
|
| 650 |
0 |
0 |
|a Forest and forestry ---Congresses
|
| 650 |
0 |
0 |
|a Forest ecology---Congresses
|
| 700 |
0 |
1 |
|a Kelty, Matthew J
|
| 700 |
0 |
1 |
|a Larson, Bruce, C
|
| 700 |
0 |
1 |
|a Oliver, Chadwick D
|
| 998 |
|
|
|a JPSM
|
| 999 |
|
|
|a 007404
|b Monograph
|c Open Shelf
|e Default branch
|